<?xml version="1.0" encoding="UTF-8"?>
<record
    xmlns:xsi="http://www.w3.org/2001/XMLSchema-instance"
    xsi:schemaLocation="http://www.loc.gov/MARC21/slim http://www.loc.gov/standards/marcxml/schema/MARC21slim.xsd"
    xmlns="http://www.loc.gov/MARC21/slim">

  <leader>01831nam a22001457a 4500</leader>
  <datafield tag="999" ind1=" " ind2=" ">
    <subfield code="c">523867</subfield>
    <subfield code="d">523867</subfield>
  </datafield>
  <controlfield tag="008">231010b           ||||| |||| 00| 0 eng d</controlfield>
  <datafield tag="100" ind1=" " ind2=" ">
    <subfield code="a">Mondal, Kaberi </subfield>
    <subfield code="9">44083</subfield>
  </datafield>
  <datafield tag="245" ind1=" " ind2=" ">
    <subfield code="a">Santal women&#x2019;s struggles in a changing context: The case of women stone quarry workers in Brigham</subfield>
  </datafield>
  <datafield tag="260" ind1=" " ind2=" ">
    <subfield code="a">Social Scientist  </subfield>
  </datafield>
  <datafield tag="300" ind1=" " ind2=" ">
    <subfield code="a">51(7-8), Jul-Aug, 2023: p.29-38</subfield>
  </datafield>
  <datafield tag="520" ind1=" " ind2=" ">
    <subfield code="a">This paper mainly focuses on Santal women&#x2019;s economic condition in the Birbhum stone quarry industry (1970-2010), which is part of the Chotanagpur plateau region. There are plenty of rock pits here which are the site for the stone quarry area with significant settlements of tribal Santla,s women work in the stone quarries, where they are mostly unorganized and also exploited in various ways, both on account of their class, gender and tribal status, and  specifically also with regard to wage and conditions of work. The history of mining in Brigham goes, back  to over 150 years when it was first started by the descendants of Maharaja Nandakumar who was the Divan in the colonial  ear. The participations of Santal women in the economic field has been significant from the colonial period, with their livelihood being dependent on and mostly revolving around the land economy. Whereas land was the main economic asset for the Santals, the change the British brought in, given the East India company&#x2019;s trading and commercial interests, made deep inroads into the regional economy. The land revenue system introduced by the colonial administration facilitated the development of a land market, along with vinous initiatives for the measurement of land holdings, payment of stiffer mints and revenues  in cash, and an enlarged presence of non-tribal moneylenders etc. &#x2013; Reproduced </subfield>
  </datafield>
  <datafield tag="773" ind1=" " ind2=" ">
    <subfield code="a">Social Scientist  </subfield>
  </datafield>
  <datafield tag="906" ind1=" " ind2=" ">
    <subfield code="a">LABOURS</subfield>
  </datafield>
  <datafield tag="942" ind1=" " ind2=" ">
    <subfield code="c">AR</subfield>
  </datafield>
  <datafield tag="952" ind1=" " ind2=" ">
    <subfield code="0">0</subfield>
    <subfield code="1">0</subfield>
    <subfield code="2">ddc</subfield>
    <subfield code="4">0</subfield>
    <subfield code="7">0</subfield>
    <subfield code="9">398914</subfield>
    <subfield code="a">IIPA</subfield>
    <subfield code="b">IIPA</subfield>
    <subfield code="d">2023-10-10</subfield>
    <subfield code="h">51(7-8), Jul-Aug, 2023: p.29-38</subfield>
    <subfield code="p">AR129749</subfield>
    <subfield code="r">2023-10-10</subfield>
    <subfield code="y">AR</subfield>
  </datafield>
</record>
